Εστιατορική Τεχνική (Τ2) / Εγκαταστάσεις - Εξοπλισμός - Οργάνωση Υπηρεσιών Εστιατορίου - Τεχνική Σερβιρίσματος (Record no. 5804)
[ view plain ]
| 000 -LEADER | |
|---|---|
| fixed length control field | 01275cam a22001934a 4500 |
| 005 - ΗΜΕΡΟΜΗΝΙΑ ΚΑΙ ΩΡΑ ΤΕΛΕΥΤΑΙΑΣ ΕΝΗΜΕΡΩΣΗΣ | |
| Πεδίο ελέγχου | 20250605164222.0 |
| 008 - FIXED-LENGTH DATA ELEMENTS--GENERAL INFORMATION | |
| Πεδίο ελέγχου σταθερού μήκους | 250528s ||||||||||||||||||||||||d |
| 035 ## - SYSTEM CONTROL NUMBER | |
| System control number | 20719 |
| 040 ## - ΠΗΓΗ ΚΑΤΑΛΟΓΟΓΡΑΦΗΣΗΣ | |
| Φορέας πρωτότυπης καταλογογράφησης | MC Athens Campus Library |
| Γλώσσα καταλογογράφησης | Ελληνικά, Μοντέρνα (1453-) |
| Modifying agency | MC Athens Campus Library |
| Κανόνες περιγραφικής καταλογογράφησης | AACR2 |
| 245 1# - ΤΙΤΛΟΣ ΚΑΙ ΔΗΛΩΣΗ ΥΠΕΥΘΥΝΟΤΗΤΑΣ | |
| Τίτλος | Εστιατορική Τεχνική (Τ2) / Εγκαταστάσεις - Εξοπλισμός - Οργάνωση Υπηρεσιών Εστιατορίου - Τεχνική Σερβιρίσματος |
| 260 ## - PUBLICATION, DISTRIBUTION, ETC. | |
| Name of publisher, distributor, etc. | Αθήνα, |
| Date of publication, distribution, etc. | 2014 |
| 300 ## - PHYSICAL DESCRIPTION | |
| Extent | 268 |
| 520 ## - SUMMARY, ETC. | |
| Summary, etc. | Τεμαχισμός, Οργάνωση και Λειτουργία Ταμείου (Tableau) Εστιατορίου, Διακόσμηση, Οργάνωση Μαζικών Εκδηλώσεων, Marketing Εστιατορίου, Τάσεις και Εξελίξεις της Γαστρονομίας, Οργάνωση Τμήματος και Διοίκηση (Management) Προσωπικού, Διασφάλιση Ποιότητας στο Εστιατόριο, Ασφάλεια και Υγιεινή στο Χώρο Εργασίας, Προστασία Περιβάλλοντος. |
| 700 1# - ΠΡΟΣΘΕΤΗ ΑΝΑΓΡΑΦΗ--ΦΥΣΙΚΟ ΠΡΟΣΩΠΟ | |
| Personal name | Λαλούμης Δημήτριος |
| 9 (RLIN) | 4163 |
| 700 1# - ΠΡΟΣΘΕΤΗ ΑΝΑΓΡΑΦΗ--ΦΥΣΙΚΟ ΠΡΟΣΩΠΟ | |
| Personal name | Στεφανακιδης Κωνσταντινος |
| 9 (RLIN) | 4172 |
| 942 ## - ADDED ENTRY ELEMENTS (KOHA) | |
| Koha item type | Books |
| Τύπος τεκμηρίου | Βιβλιοθήκη | Τρέχουσα τοποθεσία | Barcode | Αριθμός εισαγωγής | Ημερομηνία απόκτησης | Ταξιθετικό σύμβολο | Αριθμός αντιτύπου | Κατάσταση απόσυρσης | Κατάσταση χαμένου | Κατάσταση κατεστραμμένου | Μη δανεισμός | Σύνολο δανεισμών | Ημερομηνία τελευταίας εμφάνισης | Η τιμή ισχύει από |
|---|---|---|---|---|---|---|---|---|---|---|---|---|---|---|
| Books | MC Athens Campus Library | MC Athens Campus Library | 9780000058034 | 7360 | 05/06/2025 | REF 647.95 LAL V.2 | 1 | 05/06/2025 | 05/06/2025 |